Ganga / (Record no. 135212)

MARC details
000 -LEADER
fixed length control field 00730nam a22002177a 4500
005 - DATE AND TIME OF LATEST TRANSACTION
control field 20170124110241.0
010 ## - LIBRARY OF CONGRESS CONTROL NUMBER
LC control number A-352299
020 ## - INTERNATIONAL STANDARD BOOK NUMBER
Terms of availability € 5.95
International Standard Book Number 0862835003
035 ## - SYSTEM CONTROL NUMBER
System control number A-352299
037 ## - SOURCE OF ACQUISITION
Source of stock number/acquisition Cen Lib/Ret
040 ## - CATALOGING SOURCE
Original cataloging agency DPL
Language of cataloging EN
082 ## - DEWEY DECIMAL CLASSIFICATION NUMBER
Classification number 915.41
Item number GHO
100 ## - MAIN ENTRY--PERSONAL NAME
Personal name Ghosh, Laeila
9 (RLIN) 95170
245 ## - TITLE STATEMENT
Title Ganga /
Statement of responsibility, etc by Leila Ghosh [and] Dalia Roy
260 ## - PUBLICATION, DISTRIBUTION, ETC. (IMPRINT)
Name of publisher, distributor, etc Bombay
Place of publication, distribution, etc Wolrd Marketing Right with Indian Books
Date of publication, distribution, etc 1986
270 ## - ADDRESS
City Bombay
Address 412 Tulsani Chambers, 212 Bachbay Reclamation, Nariman Point
Postal code 400021
300 ## - PHYSICAL DESCRIPTION
Extent varios pagings
Dimensions 26cm(Hb)
Other physical details ill.
650 ## - SUBJECT ADDED ENTRY--TOPICAL TERM
Topical term or geographic name as entry element Ganges River (India and Bangladesh) -- Pictorial works
9 (RLIN) 95171
700 ## - ADDED ENTRY--PERSONAL NAME
Personal name Roy, Dalia
9 (RLIN) 95172
942 ## - ADDED ENTRY ELEMENTS (KOHA)
Source of classification or shelving scheme Dewey Decimal Classification
Koha item type English Books
Classification part 915.41
Call number suffix GHO
Holdings
Withdrawn status Lost status Damaged status Not for loan Collection code Home library Current library Date acquired Source of acquisition Cost, normal purchase price Total Checkouts Full call number Barcode Date last seen Copy number Cost, replacement price Price effective from Koha item type
      Not For Loan Reference Central Library Central Library 03/10/2015 Cen Lib/Ret 0.00   915.41 GHO A-352299 03/10/2015 1 0.00 03/10/2015 English Books

© Delhi Public Library
Hit Counter
free hit counter